000 00533nam a22002057a 4500
003 OSt
005 20140702192305.0
008 140702b xxu||||| |||| 00| 0 eng d
022 _20316018848
040 _cDNLM
082 _aQS604 S57c1997
_bS
100 _aSandra Alexander
_9315
245 _aCore concepts in embryology
260 _aPhiladelphia:
_bLippincott,
_c1997
300 _aix,162p;
_bIll:
_c28cm
504 _aIndex included
650 _aHuman embryology
_9177
700 _aCoons William J.
_9316
942 _2z
_cO_SHELF
999 _c117
_d117